Pokémon - Les attaques de Grindur - Statistiques

Statistiques générales
  • Ce quiz a été pris 11 fois
  • Le résultat moyen est 7 sur 12
Statistiques - réponses
Niveaux Types Noms des attaques % Correct
Départ Normal Charge
88%
Niveau 45 Acier Gyroballe
88%
Départ Normal Armure
75%
Niveau 41 Spectre Malédiction
75%
Niveau 10 Insecte Dard-Nuée
63%
Niveau 50 Normal Explosion
63%
Niveau 5 Acier Griffe Acier
63%
Niveau 35 Acier Mur de Fer
63%
Niveau 25 Acier Tête de Fer
63%
Niveau 30 Normal Destruction
50%
Niveau 20 Acier Luminocanon
25%
Niveau 15 Plante Racines
25%
Aucun quiz correspondant
Distribution des résultats
% des personnes avec chaque résultat
Percentile par nombre de réponses
Votre historique - résultats
Vous n’avez pas pris ce quiz